000 00568nam a2200157Ia 4500
005 20250508152823.0
008 008 250505s9999 xx 000 0 eng d
037 _aBooks to be hide in OPAC
040 _aFEDL
_beng
_cFEDL
041 _aeng
_2eng
084 _a370.15, CIE
_qFEDL
245 0 _aReport of the seminar on educational psychology: For senior lectures in teacher training institutions, held at the central institute of education, Delhi January 20th-30th, 1960
300 _aii,57p.
942 _cHB
_h370.15, CIE
999 _c1338965
_d1338965